书目信息 |
| 题名: |
工程制图习题集 —— 空间想象训练
|
|
| 作者: | 远方 编著 | |
| 分册: | ||
| 出版信息: | 北京 高等教育出版社 2018.07 |
|
| 页数: | 117页 | |
| 开本: | 19x26cm | |
| 丛书名: | ||
| 单 册: | ||
| 中图分类: | TB23-44 | |
| 科图分类: | ||
| 主题词: | 工程制图--gong cheng zhi tu--高等教育--习题集 | |
| 电子资源: | ||
| ISBN: | 978-7-04-049897-4 | |
| 000 | 00971nam0 2200253 450 | |
| 001 | CAL 0120182528445 | |
| 005 | 20181122085431.4 | |
| 010 | @a978-7-04-049897-4@dCNY29.60 | |
| 100 | @a20181119d2018 em y0chiy50 ea | |
| 101 | 0 | @achi |
| 102 | @aCN@b110000 | |
| 105 | @aa q 000yy | |
| 106 | @ar | |
| 200 | 1 | @a工程制图习题集 —— 空间想象训练@Agong cheng zhi tu xi ti ji —— kong jian xiang xiang xun lian@f远方编著@Fyuan fang bian zhu |
| 210 | @a北京@c高等教育出版社@d2018.07 | |
| 215 | @a117页@c图@d19x26cm | |
| 330 | @a本书与远方著《工程制图 —— 空间想象训练》教材配套使用, 主要内容包括投影体系与点的投影、直线的投影、平面的投影、投影变换、平面立体的投影、曲面立体的投影、组合体视图和剖视图。 | |
| 333 | @a高等教育“双一流”工程图学类课程教材 | |
| 586 | @a | |
| 606 | 0 | @a工程制图@Agong cheng zhi tu@x高等教育@j习题集 |
| 690 | @aTB23-44@v5 | |
| 701 | 0 | @a远方@Ayuan fang@4编著 |
| 801 | 0 | @aCN@c20181119 |
| 905 | @a河南城建学院图书馆@dTB23-44@eY938@f2 | |
| 工程制图习题集 —— 空间想象训练/远方编著.-北京:高等教育出版社,2018.07 |
| 117页:图;19x26cm |
| 使用对象:高等教育“双一流”工程图学类课程教材 |
| ISBN 978-7-04-049897-4:CNY29.60 |
| 本书与远方著《工程制图 —— 空间想象训练》教材配套使用, 主要内容包括投影体系与点的投影、直线的投影、平面的投影、投影变换、平面立体的投影、曲面立体的投影、组合体视图和剖视图。 |
| ● |
| 相关链接 |
|
|
|
正题名:工程制图习题集 —— 空间想象训练
索取号:TB23-44/Y938
 
预约/预借
| 序号 | 登录号 | 条形码 | 馆藏地/架位号 | 状态 | 备注 |
| 1 | 1416506 | 214165062 | 自科库501/501自科库 7排2列5层/ [索取号:TB23-44/Y938] | 在馆 | |
| 2 | 1416507 | 214165071 | 自科库501/501自科库 7排2列5层/ [索取号:TB23-44/Y938] | 在馆 |